|
|
|
|
| LEADER |
02000nam a22004094a 4500 |
| 001 |
45789 |
| 003 |
BD-DhAAL |
| 005 |
20260512162651.0 |
| 008 |
120515t2012 hiua b s001 0 eng c |
| 010 |
|
|
|a 2012019821
|
| 020 |
|
|
|a 9780824835897
|
| 020 |
|
|
|a 9780824836542
|
| 035 |
|
|
|a 17322214
|
| 035 |
|
|
|a (HU)3398497
|
| 040 |
|
|
|a HU/DLC
|c HU
|d BD-DhAAL
|
| 042 |
|
|
|a pcc
|
| 043 |
|
|
|a a-ja---
|
| 050 |
0 |
0 |
|a PN6790.J3
|b T55 2012
|
| 082 |
0 |
0 |
|a 741.5952
|2 23
|
| 100 |
1 |
|
|a Thomas, Jolyon Baraka.
|9 60694
|
| 245 |
1 |
0 |
|a Drawing on tradition :
|b manga, anime, and religion in contemporary Japan /
|c Jolyon Baraka Thomas.
|
| 246 |
|
3 |
|a Drawing on tradition
|
| 260 |
|
|
|a Honolulu :
|b University of Hawaiʻi Press,
|c c2012.
|
| 300 |
|
|
|a xiv, 199 pages :
|b illustrations ;
|c 23 cm.
|
| 504 |
|
|
|a Includes bibliographical references and index.
|
| 505 |
0 |
|
|a Visualizing religion -- Recreating religion -- Entertaining religious ideas -- Depicting religions on the margins.
|
| 526 |
8 |
|
|a AAL
|
| 541 |
|
|
|a Donated by Embassy of Japan in Bangladesh, Read Japan Project 2025, The Tokyo Foundation, supported by The Nippon Foundation.
|e 45789
|
| 650 |
|
0 |
|a Comic books, strips, etc.
|z Japan
|x History and criticism.
|9 60695
|
| 650 |
|
0 |
|a Comic books, strips, etc.
|x Religious aspects.
|9 60696
|
| 650 |
|
0 |
|a Animated films
|z Japan
|x History and criticism.
|9 60697
|
| 650 |
|
0 |
|a Animated films
|x Religious aspects.
|9 60698
|
| 651 |
|
0 |
|a Japan
|x Religion
|y 21st century.
|9 60699
|
| 852 |
1 |
|
|a Ayesha Abed Library
|c General Stacks
|
| 942 |
|
|
|2 ddc
|c BK
|
| 999 |
|
|
|c 47937
|d 47937
|
| 952 |
|
|
|0 0
|1 0
|2 ddc
|4 0
|6 741_595200000000000_THO
|7 0
|9 79194
|a BRACUL
|b BRACUL
|d 2026-05-12
|e Donated by Embassy of Japan in Bangladesh, Read Japan Project 2025, The Tokyo Foundation, supported by The Nippon Foundation.
|l 0
|o 741.5952 THO
|p 3010045789
|r 2026-05-12
|t 1
|w 2026-05-12
|y BK
|x Donated copy received from Embassy of Japan in Bangladesh, Read Japan Project 2025, The Tokyo Foundation, supported by The Nippon Foundation on 08 April 2026; $29.00
|